| 000 | 00853nam a2200229 a 4500 | ||
|---|---|---|---|
| 008 | 120416s1993 ||||||||||||||||| || u | ||
| 020 | _a0821324365 | ||
| 050 | _aIBRD(06)S/1993/3 | ||
| 100 | _aLutz, Ernst, 1949- | ||
| 245 | 1 | 0 |
_aToward improved accounting for the environment _cedited by Ernst Lutz |
| 260 |
_aWashington, D. C. _bWorld Bank _c1993 |
||
| 300 | _axii, 329p. : ill. | ||
| 350 | _a0.00 | ||
| 490 | _aWorld Bank Symposium | ||
| 650 | _aSUSTAINABLE DEVELOPMENT--ARAB REGION | ||
| 650 | _aECONOMIC DEVELOPMENT--ECONOMIC ASPECTS | ||
| 650 | _aNATURAL RESOURCES--ACCOUNTING | ||
| 650 | 0 | _aENVIRONMENTAL IMPACT ANALYSIS | |
| 650 | _aNATIONAL INCOME--ACCOUNTING | ||
| 710 | _aWorld Bank | ||
| 995 |
_D0.00 _FCBU-MAIN LIBRARY (Kitwe) _H1 _I0.00 _UAVAILABLE _ZInternational Publications |
||
| 999 |
_c60036 _d60036 |
||